Vice Presidentes do Brasil - Statistics

Estatísticas Gerais
  • Esse quiz foi jogado 83 vezes
  • A pontuação média é 14 de 25
Estatísticas das Respostas
Ano Vice Presidente % Correto
2011-2016 Michel Temer
97%
2019-atualmente Hamilton Mourão
92%
1990-1992 Itamar Franco
87%
1985 José Sarney
80%
1891 Floriano Peixoto
78%
2003-2011 José Alencar
72%
1956-1961 João Goulart
71%
1995-2003 Marco Maciel
67%
1951-1954 Café Filho
64%
1906-1909 Nilo Peçanha
61%
1918-1920 Delfim Moreira
54%
1979-1985 Aureliano Chaves
50%
1903-1906 Afonso Pena
49%
1946-1951 Nereu Ramos
49%
1967-1969 Pedro Aleixo
49%
1910-1914 Venceslau Brás
47%
1974-1979 Adalberto Pereira dos Santos
41%
1894-1898 Manuel Vitorino
41%
1914-1918 Urbano Santos
41%
1898-1902 Francisco Rosa e Silva
39%
1969-1974 Augusto Rademaker
34%
1964-1967 José Maria Alkmin
30%
1926-1930 Fernando de Melo Viana
29%
1922-1926 Estácio Coimbra
26%
1920-1922 Bueno de Paiva
22%
Nenhum quiz correspondente encontrado
Distribuição das Pontuações
Porcentagem de Pessoas com Cada Pontuação
Percentil de Números Respondidos
Sua Pontuação Histórica
Você não jogou esse quiz